Movies Quiz

Random Movies or Alphabet Quiz

Halloween Movies from A-Z Quiz Stats

 Plays Quiz Updated Oct 31, 2014

Challenge
Share
Tweet
Score 0/26 Timer 06:00
3 Plays Today
Pic Movie % Correct
BBeetlejuice
92.9%
HHalloween
90.2%
CCarrie
88%
SThe Shining
87.7%
NThe Nightmare Before Christmas
87.4%
EThe Exorcist
80.4%
FFriday the 13th
78%
PPoltergeist
74.2%
XThe X-Files
74%
ZZombieland
71.2%
OThe Omen
69.9%
UUnderworld
65.6%
IInterview with the Vampire: The Vampire Chronicles
65%
Pic Movie % Correct
MMisery
64.8%
DDawn of the Dead
64.2%
YYoung Frankenstein
60.2%
AAnnabelle
56.5%
RRosemary's Baby
55.6%
LThe Lost Boys
55.5%
GThe Grudge
49.7%
WThe Wolf Man
46.7%
TThe Thing
39%
JJeepers Creepers
34%
KKiller Klowns from Outer Space
33.6%
QQuarantine
33%
VVillage of the Damned
22.7%

You're not logged in!

Compare scores with friends on all Sporcle quizzes.
Join for Free
OR
Log In

You Might Also Like...

Show Comments

Extras

Top Quizzes Today


Score Distribution

Your Account Isn't Verified!

In order to create a playlist on Sporcle, you need to verify the email address you used during registration. Go to your Sporcle Settings to finish the process.

Report this User

Report this user for behavior that violates our Community Guidelines.

Details: